| 000 | 00389nam a2200145Ia 4500 | ||
|---|---|---|---|
| 008 | 240624s9999 xx 000 0 und d | ||
| 041 | _aeng | ||
| 082 | _a658.3124 BHA | ||
| 100 | _aBHATTACHARYYA DIPAK KUMAR | ||
| 245 | _aCOMPENSATION MANAGEMENT AN INDIAN PERSPE | ||
| 250 | _a(2nd ed.) | ||
| 260 |
_c2014 _aNew Delhi _bOxford |
||
| 300 | _axxiv, : 443 : p. : cm. ; 26 | ||
| 365 |
_cRS _b31 |
||
| 999 |
_c24866 _d24866 |
||